000 00773cam a2200265 4500
001 766823
005 20150720133446.0
008 710115s1970 enkaf b 001 0 eng
010 _a 70530375
015 _aB70-25225
020 _a0333110730
040 _aDLC
_cDLC
_dDLC
050 0 0 _aQ175
_b.H3265 1970
082 0 0 _a501
100 1 _aHarré, Rom.
_914104
245 1 4 _aThe principles of scientific thinking,
_cby R. Harré.
260 _aLondon,
_bMacmillan,
_c1970.
300 _ax, 324 p., plates.
_billus.
_c24 cm.
350 _a90/-
504 _aIncludes bibliographical references.
650 0 _aScience
_xPhilosophy.
_918463
650 0 _aTheory (Philosophy)
_918464
906 _a7
_bcbc
_corignew
_d3
_encip
_f19
_gy-gencatlg
942 _2lcc
_cMONOGRAPH
999 _c123019
_d123019